<?xml version="1.0" encoding="UTF-8"?>
<record
    xmlns:xsi="http://www.w3.org/2001/XMLSchema-instance"
    xsi:schemaLocation="http://www.loc.gov/MARC21/slim http://www.loc.gov/standards/marcxml/schema/MARC21slim.xsd"
    xmlns="http://www.loc.gov/MARC21/slim">

  <leader>00698nam a22001937a 4500</leader>
  <controlfield tag="003">UA-OsUOA</controlfield>
  <controlfield tag="001"> 17693 </controlfield>
  <controlfield tag="007">ta</controlfield>
  <controlfield tag="008">20040322b un ||||| |||| 00| 0 ukr d</controlfield>
  <datafield tag="100" ind1=" " ind2=" ">
    <subfield code="a">&#x411;&#x43E;&#x433;&#x434;&#x430;&#x43D;&#x435;&#x446;&#x44C; &#x413;.&#x406;.</subfield>
  </datafield>
  <datafield tag="700" ind1=" " ind2=" ">
    <subfield code="a">&#x41C;&#x43E;&#x441;&#x430;&#x43A;&#x43E;&#x432;&#x441;&#x44C;&#x43A;&#x438;&#x439; &#x412;.&#x41F;.</subfield>
  </datafield>
  <datafield tag="942" ind1=" " ind2=" ">
    <subfield code="c">SA</subfield>
  </datafield>
  <datafield tag="040" ind1=" " ind2=" ">
    <subfield code="a">UA-OsUOA</subfield>
    <subfield code="c">UA-OsUOA</subfield>
    <subfield code="d">UA-OsUOA</subfield>
  </datafield>
  <datafield tag="245" ind1=" " ind2=" ">
    <subfield code="a">&#x41F;&#x435;&#x440;&#x435;&#x432;&#x430;&#x433;&#x438; &#x43D;&#x43E;&#x432;&#x43E;&#x457; &#x410;&#x422;&#x421;: [&#x41F;&#x440;&#x43E; &#x43F;&#x435;&#x440;&#x435;&#x432;&#x430;&#x433;&#x438; &#x43D;&#x43E;&#x432;&#x43E;&#x457; &#x410;&#x422;&#x421; &#x440;&#x43E;&#x437;&#x43F;&#x43E;&#x432;&#x456;&#x434;&#x430;&#x454; &#x456;&#x43D;&#x436;&#x435;&#x43D;&#x435;&#x440; &#x435;&#x43B;&#x435;&#x43A;&#x442;&#x440;&#x43E;&#x43D;. &#x446;&#x435;&#x43D;&#x442;&#x440;. &#x441;&#x442;&#x430;&#x43D;&#x446;&#x456;&#x457; &#x442;&#x438;&#x43F;&#x443; &#x415;&#x421;-11 &#x413;.&#x406;. &#x411;&#x43E;&#x433;&#x434;&#x430;&#x43D;&#x435;&#x446;&#x44C;]</subfield>
  </datafield>
  <datafield tag="300" ind1=" " ind2=" ">
    <subfield code="a">&#x421;.2</subfield>
  </datafield>
  <datafield tag="955" ind1=" " ind2=" ">
    <subfield code="a">0</subfield>
  </datafield>
  <datafield tag="773" ind1="0" ind2=" ">
    <subfield code="w">0</subfield>
    <subfield code="t">&#x420;&#x43E;&#x43A;&#x438;&#x442;&#x43D;&#x456;&#x432;&#x449;&#x438;&#x43D;&#x430;</subfield>
    <subfield code="d">&#x420;&#x43E;&#x43A;&#x438;&#x442;&#x43D;&#x435;</subfield>
    <subfield code="d">2004</subfield>
    <subfield code="g">&#x2116;16/25 &#x43B;&#x44E;&#x442;./</subfield>
  </datafield>
  <datafield tag="650" ind1=" " ind2="7">
    <subfield code="a">&#x417;&#x432;'&#x44F;&#x437;&#x43E;&#x43A;</subfield>
    <subfield code="2">UDC</subfield>
  </datafield>
  <datafield tag="999" ind1=" " ind2=" ">
    <subfield code="c">303861</subfield>
    <subfield code="d">303861</subfield>
  </datafield>
</record>
